[Event "Albena BUL, 19th Open round_1"]
[Site "Albena BUL"]
[Date "2011.06.25"]
[Round "1.1"]
[White "Iliev, Atanas"]
[Black "Cheparinov, Ivan"]
[Result "0-1"]
[WhiteElo "1979"]
[BlackElo "2669"]
[PlyCount "66"]
[EventDate "2011.06.25"]
[EventType "swiss"]
[EventRounds "9"]
[EventCountry "BUL"]

1. c4 g6 2. Nc3 Bg7 3. g3 Nf6 4. Bg2 O-O 5. e4 d6 6. Nge2 c6 7. O-O a6 8. a4 a5
9. d4 Na6 10. f4 e5 11. h3 exd4 12. Nxd4 Nc5 13. Nb3 Qb6 14. Nxc5 Qxc5+ 15. Kh2
Nd7 16. Qd3 Qb4 17. Bd2 Nc5 18. Qe2 Qxb2 19. Ra2 Qb6 20. Rb1 Qa6 21. Nd1 f5 22.
e5 Be6 23. Rc2 dxe5 24. fxe5 Rad8 25. Nb2 Nb3 26. Bc3 f4 27. gxf4 Nd4 28. Bxd4
Rxd4 29. Rf1 Rdxf4 30. Rxf4 Rxf4 31. Rc3 Qb6 32. Rf3 Rxf3 33. Bxf3 Qd4 0-1

[Event "Albena BUL, 19th Open round_1"]
[Site "Albena BUL"]
[Date "2011.06.25"]
[Round "1.2"]
[White "Lupulescu, Constantin"]
[Black "Cirjan, Daniel"]
[Result "1-0"]
[WhiteElo "2638"]
[BlackElo "1975"]
[PlyCount "53"]
[EventDate "2011.06.25"]
[EventType "swiss"]
[EventRounds "9"]
[EventCountry "BUL"]

1. e4 c6 2. c4 d5 3. cxd5 cxd5 4. exd5 Nf6 5. Qa4+ Nbd7 6. Nc3 g6 7. Bc4 Bg7 8.
Nf3 O-O 9. d3 Nb6 10. Qb3 Ne8 11. Be3 Nd6 12. O-O Bg4 13. Nd2 Bd7 14. a4 Qc7
15. a5 Nbc8 16. Rfc1 Nf5 17. Nf3 Ncd6 18. Bf4 a6 19. Ne4 Qb8 20. Qb4 h5 21. h3
Rd8 22. Ba2 Bb5 23. Nc5 Qa7 24. d4 Rac8 25. Ne5 Ne8 26. Nxf7 Kxf7 27. d6+ 1-0

[Event "Albena BUL, 19th Open round_1"]
[Site "Albena BUL"]
[Date "2011.06.25"]
[Round "1.3"]
[White "Solonsky, Alexandr"]
[Black "Rodshtein, Maxim"]
[Result "0-1"]
[WhiteElo "1970"]
[BlackElo "2638"]
[PlyCount "84"]
[EventDate "2011.06.25"]
[EventType "swiss"]
[EventRounds "9"]
[EventCountry "BUL"]

1. e4 c5 2. Nf3 d6 3. d4 cxd4 4. Nxd4 Nf6 5. Nc3 a6 6. Bg5 e6 7. f4 h6 8. Bh4
Qb6 9. Qd2 Qxb2 10. Rb1 Qa3 11. Be2 Nbd7 12. O-O Qc5 13. Kh1 Be7 14. f5 e5 15.
Nb3 Qc7 16. a4 b6 17. Rfe1 Bb7 18. Bf1 Rc8 19. Bxf6 Nxf6 20. Re3 O-O 21. Nc1
Rfd8 22. N1e2 d5 23. exd5 Nxd5 24. Nxd5 Rxd5 25. Qc3 Rc5 26. Qb3 Rxc2 27. Rg3
Qc5 28. h3 Be4 29. Qxb6 Qxb6 30. Rxb6 Rc1 31. Nxc1 Rxc1 32. f6 Rxf1+ 33. Kh2
Bxf6 34. Re3 Bd5 35. Rd3 Bc4 36. Rc3 Be6 37. Rxa6 e4 38. Re3 Be5+ 39. g3 Bd4
40. Rxe4 Bd5 41. Re8+ Kh7 42. g4 Bf2 0-1

[Event "Albena BUL, 19th Open round_1"]
[Site "Albena BUL"]
[Date "2011.06.25"]
[Round "1.4"]
[White "Delchev, Aleksander"]
[Black "Bejatovic, Bojana"]
[Result "1-0"]
[WhiteElo "2619"]
[BlackElo "1968"]
[PlyCount "89"]
[EventDate "2011.06.25"]
[EventType "swiss"]
[EventRounds "9"]
[EventCountry "BUL"]

1. c4 f5 2. g3 Nf6 3. Bg2 g6 4. d3 Bg7 5. e4 fxe4 6. dxe4 d6 7. Nc3 c6 8. Nge2
O-O 9. O-O e5 10. h3 Be6 11. b3 Qc7 12. Be3 Nbd7 13. Qd2 Rfd8 14. Rad1 Nb6 15.
Qc1 a5 16. f4 a4 17. fxe5 dxe5 18. c5 Nbd7 19. Nxa4 Qa5 20. Qc2 Bf8 21. Nc1 Kg7
22. Nd3 Be7 23. Kh2 Rf8 24. Qb2 Qc7 25. Nb6 Ra5 26. Bd2 Rxc5 27. Nxd7 Nxd7 28.
Nxc5 Bxc5 29. Bc3 Bd6 30. Rxf8 Kxf8 31. Qd2 Be7 32. Qb2 Bd6 33. Bf1 b5 34. Ba5
Qb8 35. Qc3 c5 36. Qd3 Ke7 37. Qxb5 Qxb5 38. Bxb5 Nf6 39. Bc6 c4 40. bxc4 Bxc4
41. a4 Bb3 42. Rd2 Bc5 43. Bd8+ Ke6 44. Bxf6 Kxf6 45. a5 1-0

[Event "Albena BUL, 19th Open round_1"]
[Site "Albena BUL"]
[Date "2011.06.25"]
[Round "1.5"]
[White "Karaivanov, Alexander"]
[Black "Grigoryan, Avetik"]
[Result "0-1"]
[WhiteElo "1963"]
[BlackElo "2608"]
[PlyCount "66"]
[EventDate "2011.06.25"]
[EventType "swiss"]
[EventRounds "9"]
[EventCountry "BUL"]

1. d4 Nf6 2. Nf3 c5 3. dxc5 Na6 4. g3 Nxc5 5. Bg2 b6 6. c4 Bb7 7. O-O g6 8. b3
Bg7 9. Bb2 O-O 10. Nc3 a5 11. Nd5 Nxd5 12. Bxg7 Ne3 13. Qc1 Nxf1 14. Bxf8 Nxg3
15. hxg3 Qxf8 16. Qf4 d6 17. Ng5 Qg7 18. Rd1 h6 19. Bxb7 hxg5 20. Qf3 Rb8 21.
Bc6 Qe5 22. Kg2 Kg7 23. Qg4 Rh8 24. Qd4 Qxd4 25. Rxd4 f5 26. f3 Kf6 27. e3 Ne6
28. Rd1 Nd8 29. Ba8 Nf7 30. Bd5 Ne5 31. Bb7 Rb8 32. Bd5 e6 33. Bc6 Nxc6 0-1

[Event "Albena BUL, 19th Open round_1"]
[Site "Albena BUL"]
[Date "2011.06.25"]
[Round "1.6"]
[White "Chatalbashev, Boris"]
[Black "Fugulyan, Grigore"]
[Result "1-0"]
[WhiteElo "2591"]
[BlackElo "1959"]
[PlyCount "75"]
[EventDate "2011.06.25"]
[EventType "swiss"]
[EventRounds "9"]
[EventCountry "BUL"]

1. d4 Nf6 2. c4 g6 3. Nc3 Bg7 4. e4 d6 5. Bd3 e5 6. d5 O-O 7. Nge2 Nbd7 8. O-O
c6 9. dxc6 bxc6 10. b4 d5 11. cxd5 cxd5 12. exd5 Nb6 13. Bb5 Bb7 14. Bc6 Bxc6
15. dxc6 Qc7 16. b5 a6 17. Qb3 axb5 18. Qxb5 Rfb8 19. Rd1 Na4 20. Qc4 Nb6 21.
Qc5 Bf8 22. Nb5 Bxc5 23. Nxc7 Rd8 24. Bg5 Rxd1+ 25. Rxd1 Rc8 26. Bxf6 Rxc7 27.
Bxe5 Rxc6 28. Rd8+ Bf8 29. g4 f6 30. Bd4 Kf7 31. Nc3 Be7 32. Rh8 Kg7 33. Rb8
Bc5 34. Rb7+ Kh6 35. Bxc5 Rxc5 36. Ne4 Rc1+ 37. Kg2 Nd5 38. h4 1-0

[Event "Albena BUL, 19th Open round_1"]
[Site "Albena BUL"]
[Date "2011.06.25"]
[Round "1.7"]
[White "Kakkanas, Evangelos"]
[Black "Kolev, Atanas"]
[Result "0-1"]
[WhiteElo "1957"]
[BlackElo "2590"]
[PlyCount "58"]
[EventDate "2011.06.25"]
[EventType "swiss"]
[EventRounds "9"]
[EventCountry "BUL"]

1. d4 Nf6 2. c4 e6 3. g3 d5 4. Bg2 dxc4 5. Nf3 Nc6 6. O-O Rb8 7. b3 cxb3 8.
axb3 a6 9. e3 Be7 10. Qe2 O-O 11. Bb2 b5 12. Rd1 Bb7 13. Nc3 Nb4 14. e4 Re8 15.
Ne5 Nd7 16. Ng4 Bf8 17. Ne3 c5 18. d5 Qb6 19. Na2 Nxa2 20. Rxa2 Rbd8 21. Ba1
exd5 22. exd5 Nf6 23. Rad2 Ne4 24. Bxe4 Rxe4 25. Qd3 Qg6 26. Qc3 h5 27. d6 Re6
28. Qd3 Qxd3 29. Rxd3 Rexd6 0-1

[Event "Albena BUL, 19th Open round_1"]
[Site "Albena BUL"]
[Date "2011.06.25"]
[Round "1.8"]
[White "Nikolov, Momchil"]
[Black "Dimov, Danail"]
[Result "1-0"]
[WhiteElo "2583"]
[BlackElo "1955"]
[PlyCount "71"]
[EventDate "2011.06.25"]
[EventType "swiss"]
[EventRounds "9"]
[EventCountry "BUL"]

1. d4 d5 2. Nf3 Nf6 3. c4 dxc4 4. e3 e6 5. Bxc4 c5 6. O-O Nc6 7. Qe2 cxd4 8.
Rd1 Be7 9. exd4 O-O 10. a3 a6 11. Nc3 Qc7 12. Bg5 b5 13. Bd3 Bb7 14. Rac1 Qd6
15. Ne4 Nxe4 16. Qxe4 g6 17. Rxc6 Bxc6 18. Bxe7 Bxe4 19. Bxd6 Bxf3 20. gxf3
Rfd8 21. Bc5 f5 22. f4 Kf7 23. Be2 Rd7 24. Kg2 Kf6 25. b4 Kf7 26. a4 Rb8 27.
Ra1 h6 28. h4 Kf6 29. axb5 axb5 30. Ra5 Rdb7 31. Bf3 Rh7 32. Ra6 g5 33. d5 g4
34. Rxe6+ Kf7 35. Be2 Rb7 36. Bd3 1-0

[Event "Albena BUL, 19th Open round_1"]
[Site "Albena BUL"]
[Date "2011.06.25"]
[Round "1.9"]
[White "Ivanov, Ljubomir"]
[Black "Jaracz, Pawel"]
[Result "0-1"]
[WhiteElo "1949"]
[BlackElo "2575"]
[PlyCount "72"]
[EventDate "2011.06.25"]
[EventType "swiss"]
[EventRounds "9"]
[EventCountry "BUL"]

1. d4 Nf6 2. c4 e6 3. Nf3 b6 4. g3 Bb4+ 5. Bd2 Be7 6. Bg2 c6 7. Nc3 d5 8. Ne5
O-O 9. O-O Bb7 10. cxd5 cxd5 11. Rc1 Nfd7 12. Nxd7 Qxd7 13. Qa4 Qxa4 14. Nxa4
Nc6 15. e3 Rac8 16. a3 Ba6 17. Rfe1 Bc4 18. Bf1 b5 19. Nc3 a6 20. b4 Rfd8 21.
f4 Nb8 22. Nd1 Bxf1 23. Kxf1 Rxc1 24. Bxc1 Rc8 25. Bb2 Nd7 26. Re2 Nb6 27. Ke1
Nc4 28. Rc2 Ra8 29. Ke2 a5 30. bxa5 Rxa5 31. Nc3 Bxa3 32. Bxa3 Rxa3 33. Nxb5
Rxe3+ 34. Kf2 Rb3 35. Nc3 Nd6 36. Ke2 h5 0-1

[Event "Albena BUL, 19th Open round_1"]
[Site "Albena BUL"]
[Date "2011.06.25"]
[Round "1.11"]
[White "Galunova, Tsveta"]
[Black "Svetushkin, Dmitry"]
[Result "0-1"]
[WhiteElo "1943"]
[BlackElo "2561"]
[PlyCount "98"]
[EventDate "2011.06.25"]
[EventType "swiss"]
[EventRounds "9"]
[EventCountry "BUL"]

1. e4 g6 2. d4 Bg7 3. Nf3 d6 4. Bd3 Nf6 5. O-O O-O 6. c3 Nbd7 7. h3 e5 8. Nbd2
a6 9. a4 b6 10. Nc4 Re8 11. dxe5 dxe5 12. Bc2 Bb7 13. Qe2 Nc5 14. Rd1 Qe7 15.
Nfd2 Ne6 16. b4 Nh5 17. g3 Rad8 18. Ba3 Qf6 19. Nf3 Ng5 20. Nxg5 Qxg5 21. Qg4
Qf6 22. Qe2 Qe6 23. Kh2 Nf6 24. Nd2 h5 25. c4 h4 26. c5 Nh5 27. b5 axb5 28.
axb5 Bc8 29. Qf1 Qf6 30. Qg2 Bh6 31. Nf1 Kg7 32. Rxd8 Rxd8 33. Rd1 Rh8 34. cxb6
Qxb6 35. Bb2 Qxb5 36. Ba1 Be6 37. Bd3 Qa5 38. Be2 hxg3+ 39. fxg3 Nf6 40. h4 Rb8
41. Kh1 Ng4 42. Qf3 Rb3 43. Qg2 Qc5 44. Bxg4 Bxg4 45. Rd5 Qc1 46. Bxe5+ f6 47.
Bxf6+ Kxf6 48. e5+ Ke7 49. Kg1 Be3+ 0-1

[Event "Albena BUL, 19th Open round_1"]
[Site "Albena BUL"]
[Date "2011.06.25"]
[Round "1.13"]
[White "Schekachikhin, Maksim"]
[Black "Nevednichy, Vladislav"]
[Result "0-1"]
[WhiteElo "1936"]
[BlackElo "2542"]
[PlyCount "67"]
[EventDate "2011.06.25"]
[EventType "swiss"]
[EventRounds "9"]
[EventCountry "BUL"]

1. Nf3 g6 2. g3 Bg7 3. Bg2 e5 4. d3 d5 5. O-O Ne7 6. c4 c6 7. cxd5 cxd5 8. Nc3
Nbc6 9. Bd2 O-O 10. Rc1 h6 11. Na4 b6 12. b4 Ba6 13. Bc3 e4 14. dxe4 dxe4 15.
Nd2 Nd4 16. Bxd4 Qxd4 17. Nxe4 Qxb4 18. Nac3 Rad8 19. Qb3 Qa5 20. Rfd1 Rxd1+
21. Rxd1 Bc8 22. Nd5 Nxd5 23. Qxd5 Qxd5 24. Rxd5 Be6 25. Rd3 Rc8 26. h4 Rc1+
27. Kh2 Rc2 28. Bh3 Bxa2 29. Rd8+ Kh7 30. Rd7 a5 31. h5 Rxe2 32. hxg6+ Kxg6 33.
Rd6+ f6 34. Nc3 0-1

[Event "Albena BUL, 19th Open round_1"]
[Site "Albena BUL"]
[Date "2011.06.25"]
[Round "1.14"]
[White "Grigorov, Grigor"]
[Black "Petrov, Martin"]
[Result "1-0"]
[WhiteElo "2497"]
[BlackElo "1933"]
[PlyCount "53"]
[EventDate "2011.06.25"]
[EventType "swiss"]
[EventRounds "9"]
[EventCountry "BUL"]

1. d4 Nf6 2. c4 e6 3. Nf3 b6 4. g3 Bb4+ 5. Bd2 Bxd2+ 6. Qxd2 Bb7 7. Bg2 d6 8.
O-O Ne4 9. Qc2 f5 10. Nfd2 d5 11. cxd5 exd5 12. Nc3 O-O 13. Rac1 Na6 14. Nf3
Qe7 15. Ne5 c5 16. e3 Rfd8 17. f3 Nxc3 18. bxc3 g6 19. Qb3 c4 20. Qb1 Qc7 21.
e4 Rf8 22. exf5 Rxf5 23. f4 Re8 24. Rce1 Nb8 25. Bh3 Rf6 26. f5 Nc6 27. Ng4 1-0

[Event "Albena BUL, 19th Open round_1"]
[Site "Albena BUL"]
[Date "2011.06.25"]
[Round "1.15"]
[White "Dereshki, Dario"]
[Black "Carlsson, Pontus"]
[Result "0-1"]
[WhiteElo "1927"]
[BlackElo "2497"]
[PlyCount "78"]
[EventDate "2011.06.25"]
[EventType "swiss"]
[EventRounds "9"]
[EventCountry "BUL"]

1. d4 e6 2. c4 Nf6 3. Nf3 b6 4. g3 Ba6 5. b3 Bb7 6. Bg2 Bb4+ 7. Bd2 a5 8. a3
Be7 9. Bc3 O-O 10. O-O d5 11. Nbd2 Na6 12. Ne5 Qc8 13. Re1 c5 14. Qc2 dxc4 15.
Ndxc4 Bxg2 16. Kxg2 cxd4 17. Bxd4 b5 18. Ne3 Qxc2 19. Nxc2 Rfc8 20. Ne3 Nc5 21.
Bxc5 Bxc5 22. N5g4 Nxg4 23. Nxg4 h5 24. Ne3 Bxe3 25. fxe3 Rc3 26. b4 axb4 27.
axb4 Rxa1 28. Rxa1 Rxe3 29. Ra8+ Kh7 30. Rb8 Rxe2+ 31. Kh3 g5 32. Rxb5 Kh6 33.
g4 hxg4+ 34. Kxg4 Rxh2 35. Rb8 f5+ 36. Kg3 Rb2 37. Rb6 Rb3+ 38. Kg2 Kh5 39. b5
e5 0-1

[Event "Albena BUL, 19th Open round_1"]
[Site "Albena BUL"]
[Date "2011.06.25"]
[Round "1.17"]
[White "Delgado-Vlaic, Adrian"]
[Black "Berbatov, Kiprian"]
[Result "0-1"]
[WhiteElo "1919"]
[BlackElo "2490"]
[PlyCount "52"]
[EventDate "2011.06.25"]
[EventType "swiss"]
[EventRounds "9"]
[EventCountry "BUL"]

1. e4 c5 2. c3 d6 3. d4 Nf6 4. Bd3 Nc6 5. Ne2 g6 6. O-O Bg7 7. Be3 O-O 8. Nd2
Ng4 9. Nf3 Nxe3 10. fxe3 a6 11. Qe1 b5 12. Qg3 e5 13. d5 Ne7 14. c4 Bd7 15. Nd2
f5 16. Rab1 Qa5 17. Nb3 Qxa2 18. Nd2 Qa5 19. Nc3 f4 20. Qe1 g5 21. Qe2 b4 22.
Ra1 Qd8 23. Na4 g4 24. Kh1 Ng6 25. b3 Rb8 26. g3 Qg5 0-1

[Event "Albena BUL, 19th Open round_1"]
[Site "Albena BUL"]
[Date "2011.06.25"]
[Round "1.18"]
[White "Gruenfeld, Yehuda"]
[Black "Golubeva, Maria"]
[Result "1-0"]
[WhiteElo "2484"]
[BlackElo "1918"]
[PlyCount "94"]
[EventDate "2011.06.25"]
[EventType "swiss"]
[EventRounds "9"]
[EventCountry "BUL"]

1. e4 e6 2. d4 d5 3. Nc3 c5 4. exd5 exd5 5. Nf3 Nf6 6. Bg5 Be6 7. Be2 Nbd7 8.
O-O Bd6 9. dxc5 Bxc5 10. Nd4 O-O 11. Re1 a6 12. Bf3 Qb6 13. Na4 Qc7 14. Nxc5
Qxc5 15. Rxe6 fxe6 16. Nxe6 Qc6 17. Nxf8 Rxf8 18. Bxf6 Nxf6 19. c3 Re8 20. Qb3
Kf8 21. Rd1 Re5 22. h3 b5 23. Qb4+ Ke8 24. Qd4 Rf5 25. Re1+ Kf7 26. Qa7+ Kg6
27. Re7 Ne8 28. Qb8 Nf6 29. Qg3+ Rg5 30. Rxg7+ Kxg7 31. Qxg5+ Kf7 32. Qf5 Kg7
33. g4 h6 34. h4 Qe8 35. g5 hxg5 36. hxg5 Ne4 37. Qxd5 Nxg5 38. Qxg5+ Kh7 39.
Qh5+ Qxh5 40. Bxh5 Kh6 41. Bf3 Kg5 42. b4 Kf4 43. Bb7 Ke5 44. Bxa6 Kd6 45. Bxb5
Kc7 46. a4 Kb6 47. c4 Kb7 1-0

[Event "Albena BUL, 19th Open round_1"]
[Site "Albena BUL"]
[Date "2011.06.25"]
[Round "1.19"]
[White "Stavila, Irina"]
[Black "Filip, Lucian"]
[Result "0-1"]
[WhiteElo "1918"]
[BlackElo "2467"]
[PlyCount "30"]
[EventDate "2011.06.25"]
[EventType "swiss"]
[EventRounds "9"]
[EventCountry "BUL"]

1. c4 Nf6 2. Nc3 c5 3. e4 Nc6 4. d3 e6 5. g3 d5 6. exd5 exd5 7. Bg5 Be7 8. Bg2
O-O 9. Rb1 Bf5 10. Bxf6 Bxf6 11. Nxd5 Re8+ 12. Ne2 Nd4 13. Ne3 Bxd3 14. Bxb7
Bxe2 15. Qd2 Bf3 0-1

[Event "Albena BUL, 19th Open round_1"]
[Site "Albena BUL"]
[Date "2011.06.25"]
[Round "1.20"]
[White "Donchev, Dimitar I"]
[Black "Hristov, Nikolay Valeriev"]
[Result "1-0"]
[WhiteElo "2452"]
[BlackElo "1913"]
[PlyCount "53"]
[EventDate "2011.06.25"]
[EventType "swiss"]
[EventRounds "9"]
[EventCountry "BUL"]

1. d4 Nf6 2. e3 d5 3. Bd3 c6 4. Nd2 e6 5. f4 Nbd7 6. Qe2 a5 7. Ngf3 b6 8. O-O
Bb7 9. Ne5 Bd6 10. e4 O-O 11. Nxd7 Nxd7 12. e5 Be7 13. Nf3 c5 14. c3 Re8 15. g4
Nf8 16. f5 exf5 17. gxf5 Qc8 18. Qg2 g6 19. Ng5 Bxg5 20. Bxg5 Ba6 21. Rad1 cxd4
22. cxd4 Bxd3 23. Rxd3 Qc4 24. Qd2 Rac8 25. Bf6 Rc7 26. Qh6 Ne6 27. Qxh7+ 1-0

[Event "Albena BUL, 19th Open round_1"]
[Site "Albena BUL"]
[Date "2011.06.25"]
[Round "1.21"]
[White "Martinov, Nasko"]
[Black "Ermenkov, Evgenij"]
[Result "0-1"]
[WhiteElo "1913"]
[BlackElo "2451"]
[PlyCount "72"]
[EventDate "2011.06.25"]
[EventType "swiss"]
[EventRounds "9"]
[EventCountry "BUL"]

1. e4 c5 2. Nf3 d6 3. d4 cxd4 4. Nxd4 Nf6 5. Bd3 Nc6 6. c3 e5 7. Nf3 Be7 8. O-O
d5 9. exd5 Nxd5 10. Re1 f6 11. Bb5 O-O 12. Bxc6 bxc6 13. c4 Nb4 14. Qxd8 Rxd8
15. Na3 Rb8 16. Be3 Nd3 17. Red1 Rxb2 18. Nb1 Be6 19. Nbd2 a5 20. Nb3 a4 21.
Nc5 Nxc5 22. Rxd8+ Bxd8 23. Bxc5 Bxc4 24. a3 Bd5 25. Ne1 e4 26. Rd1 f5 27. g3
Kf7 28. Ng2 g5 29. Ne3 Ke6 30. Rd4 f4 31. gxf4 gxf4 32. Nxd5 cxd5 33. Rxa4 f3
34. Ra6+ Kf5 35. h4 d4 36. Bxd4 Rb1+ 0-1

[Event "Albena BUL, 19th Open round_1"]
[Site "Albena BUL"]
[Date "2011.06.25"]
[Round "1.24"]
[White "Farago, Ivan"]
[Black "Dobrin, Catalin"]
[Result "1-0"]
[WhiteElo "2448"]
[BlackElo "1893"]
[PlyCount "59"]
[EventDate "2011.06.25"]
[EventType "swiss"]
[EventRounds "9"]
[EventCountry "BUL"]

1. d4 d5 2. c4 c6 3. Nf3 Nf6 4. Nc3 dxc4 5. a4 Bf5 6. Ne5 Nbd7 7. Nxc4 Qc7 8.
g3 e5 9. dxe5 Nxe5 10. Bf4 Nfd7 11. Bg2 Be6 12. Nxe5 Nxe5 13. O-O Bd6 14. Ne4
Be7 15. Qd4 f6 16. Ng5 Bg8 17. Bh3 h6 18. Ne6 Bxe6 19. Bxe6 Qd6 20. Qxd6 Bxd6
21. a5 Ke7 22. Bh3 a6 23. Rfc1 Rhd8 24. Be3 Bc7 25. Rc3 Rd5 26. f4 Nd7 27. Rb3
Rb5 28. Rd3 Rd8 29. b4 Rxb4 30. Rad1 1-0

[Event "Albena BUL, 19th Open round_1"]
[Site "Albena BUL"]
[Date "2011.06.25"]
[Round "1.25"]
[White "Gorbanovsky, Oleg"]
[Black "Vioreanu, Bogdan-Gabriel"]
[Result "1-0"]
[WhiteElo "1885"]
[BlackElo "2430"]
[PlyCount "77"]
[EventDate "2011.06.25"]
[EventType "swiss"]
[EventRounds "9"]
[EventCountry "BUL"]

1. e4 c5 2. Nf3 d6 3. d4 cxd4 4. Qxd4 Nc6 5. Bb5 Bd7 6. Bxc6 Bxc6 7. Nc3 e5 8.
Qd3 Be7 9. Nd2 Nf6 10. Nc4 O-O 11. Ne3 g6 12. O-O Rc8 13. a4 Qd7 14. b3 Rfd8
15. Rd1 Bf8 16. Ba3 b6 17. f3 Bb7 18. Ne2 d5 19. Bxf8 Kxf8 20. exd5 Nxd5 21.
Nxd5 Qxd5 22. Qxd5 Bxd5 23. c4 Bb7 24. Nc3 Ke7 25. Kf2 f5 26. Ke3 Ke6 27. a5
Rxd1 28. Nxd1 b5 29. cxb5 Rc2 30. g3 g5 31. Ra4 Rxh2 32. b6 Ba6 33. Rc4 axb6
34. axb6 Kd6 35. b7 f4+ 36. gxf4 gxf4+ 37. Ke4 Bxb7+ 38. Kf5 Rb2 39. Nxb2 1-0

[Event "Albena BUL, 19th Open round_1"]
[Site "Albena BUL"]
[Date "2011.06.25"]
[Round "1.26"]
[White "Cioara, Andrei-Nestor"]
[Black "Dragieva, Denitza"]
[Result "1-0"]
[WhiteElo "2427"]
[BlackElo "1882"]
[PlyCount "75"]
[EventDate "2011.06.25"]
[EventType "swiss"]
[EventRounds "9"]
[EventCountry "BUL"]

1. d4 d5 2. c4 e6 3. g3 c5 4. cxd5 exd5 5. Nf3 Nc6 6. Bg2 Nf6 7. O-O Be7 8. Nc3
O-O 9. Bg5 c4 10. Ne5 Be6 11. e3 Nd7 12. Bxe7 Nxe7 13. Nxd7 Qxd7 14. b3 b5 15.
bxc4 bxc4 16. Qa4 Qd6 17. Rfb1 Rfb8 18. Rxb8+ Qxb8 19. Rb1 Qc7 20. Rb5 Bd7 21.
Qa5 Qxa5 22. Rxa5 Bc6 23. Kf1 Kf8 24. Nxd5 Bxd5 25. Bxd5 Nxd5 26. Rxd5 Rb8 27.
Rc5 Rb1+ 28. Kg2 Rc1 29. Rc8+ Ke7 30. Rc7+ Ke6 31. Rxa7 c3 32. Rc7 Kd6 33. Rc5
Ra1 34. Rxc3 Rxa2 35. Rb3 Kc6 36. Rb8 Kd5 37. Rh8 h6 38. Rh7 1-0

[Event "Albena BUL, 19th Open round_1"]
[Site "Albena BUL"]
[Date "2011.06.25"]
[Round "1.27"]
[White "Lao, Lenath"]
[Black "Sanduleac, Vasile"]
[Result "0-1"]
[WhiteElo "1882"]
[BlackElo "2424"]
[PlyCount "44"]
[EventDate "2011.06.25"]
[EventType "swiss"]
[EventRounds "9"]
[EventCountry "BUL"]

1. Nf3 d6 2. g3 e5 3. d3 f5 4. Nc3 Nf6 5. Bg5 Be7 6. e4 O-O 7. Bg2 Nc6 8. Bxf6
Bxf6 9. Nd5 Be6 10. c4 Kh8 11. O-O Qd7 12. Qd2 Rae8 13. Nxf6 Rxf6 14. Ng5 f4
15. Nxe6 Qxe6 16. Bf3 Ref8 17. Qe2 Qf7 18. Bg4 Qg6 19. Bf5 Qh6 20. Qg4 Ne7 21.
Bd7 fxg3 22. hxg3 Qd2 0-1

[Event "Albena BUL, 19th Open round_1"]
[Site "Albena BUL"]
[Date "2011.06.25"]
[Round "1.28"]
[White "Georgiev, Krum"]
[Black "Poleschikov, Alexey"]
[Result "1-0"]
[WhiteElo "2423"]
[BlackElo "1879"]
[PlyCount "57"]
[EventDate "2011.06.25"]
[EventType "swiss"]
[EventRounds "9"]
[EventCountry "BUL"]

1. e4 c6 2. Nc3 d5 3. Nf3 dxe4 4. Nxe4 Bf5 5. Ng3 Bg6 6. h4 h6 7. Ne5 Qd6 8. d4
Nd7 9. Nc4 Qc7 10. Qf3 Ngf6 11. Bf4 Qd8 12. O-O-O Nd5 13. Re1 e6 14. Be5 b5 15.
Nd6+ Bxd6 16. Bxd6 N7f6 17. Qa3 a5 18. Be5 Nb4 19. Re2 O-O 20. Qb3 Nfd5 21. Ne4
a4 22. Qg3 Nf6 23. Nxf6+ gxf6 24. Bd6 Nxc2 25. Rxc2 Kh7 26. Bxf8 Qxf8 27. Bd3
a3 28. Bxg6+ fxg6 29. Qc7+ 1-0

[Event "Albena BUL, 19th Open round_1"]
[Site "Albena BUL"]
[Date "2011.06.25"]
[Round "1.29"]
[White "Stanchev, Plamen"]
[Black "Nikolov, Sasho"]
[Result "0-1"]
[WhiteElo "1849"]
[BlackElo "2418"]
[PlyCount "52"]
[EventDate "2011.06.25"]
[EventType "swiss"]
[EventRounds "9"]
[EventCountry "BUL"]

1. e4 c5 2. Nc3 e6 3. f4 Nc6 4. Bb5 Nge7 5. d3 a6 6. Bc4 d5 7. exd5 exd5 8. Bb3
g6 9. Nf3 Bg7 10. O-O O-O 11. a4 Bg4 12. Ne2 Nf5 13. c3 Re8 14. h3 Bxf3 15.
Rxf3 c4 16. Bc2 cxd3 17. Bxd3 d4 18. Bxf5 dxc3 19. Nxc3 Qxd1+ 20. Nxd1 gxf5 21.
Bd2 Rad8 22. Bc3 Nd4 23. Rf1 Nb3 24. Ra2 Nd2 25. Bxd2 Rxd2 26. Ra1 Ree2 0-1

[Event "Albena BUL, 19th Open round_1"]
[Site "Albena BUL"]
[Date "2011.06.25"]
[Round "1.30"]
[White "Lilov, Valeri"]
[Black "Tsekova, Viktoria"]
[Result "1-0"]
[WhiteElo "2412"]
[BlackElo "1845"]
[PlyCount "50"]
[EventDate "2011.06.25"]
[EventType "swiss"]
[EventRounds "9"]
[EventCountry "BUL"]

1. e4 e5 2. Nf3 Nf6 3. Nc3 Bb4 4. Nxe5 O-O 5. Be2 Re8 6. Nd3 Bxc3 7. dxc3 Nxe4
8. Nf4 Nc6 9. O-O d6 10. f3 Nc5 11. a4 a5 12. Bb5 Bd7 13. b3 Ne5 14. Bxd7 Qxd7
15. c4 Nc6 16. Ba3 Rad8 17. Qd2 Re7 18. Rad1 Qe8 19. Nd5 Re2 20. Qg5 Ne6 21.
Qg3 Kh8 22. Bb2 Rxc2 23. Ba1 Ne7 24. f4 Nf5 25. Qd3 Nc5 1-0

[Event "Albena BUL, 19th Open round_1"]
[Site "Albena BUL"]
[Date "2011.06.25"]
[Round "1.31"]
[White "Sotirov, Ilia"]
[Black "Dimitrov, Radoslav"]
[Result "0-1"]
[WhiteElo "1843"]
[BlackElo "2410"]
[PlyCount "82"]
[EventDate "2011.06.25"]
[EventType "swiss"]
[EventRounds "9"]
[EventCountry "BUL"]

1. d4 Nc6 2. e4 e5 3. d5 Nce7 4. c4 Ng6 5. Nf3 Bc5 6. Bd2 a5 7. Nc3 d6 8. Rc1
Bd7 9. Be3 Bxe3 10. fxe3 N8e7 11. Be2 O-O 12. O-O h6 13. a4 b6 14. Qe1 f5 15.
exf5 Nxf5 16. Bd3 Qe7 17. b3 Rf7 18. Rc2 Raf8 19. Rcf2 Qd8 20. Qe2 Ngh4 21.
Nxh4 Qxh4 22. Ne4 Qe7 23. g3 g6 24. Kg2 Ng7 25. Rxf7 Rxf7 26. Rxf7 Qxf7 27. g4
g5 28. Qf3 Qxf3+ 29. Kxf3 Kf7 30. Ng3 Kf6 31. h3 c6 32. Bf1 Ne8 33. e4 Nc7 34.
dxc6 Bxc6 35. Nf5 Ne6 36. Bd3 Nd4+ 37. Ke3 Nxb3 38. Nxd6 Nc5 39. Nf5 Bxa4 40.
Nxh6 Bb3 41. Nf5 a4 0-1

[Event "Albena BUL, 19th Open round_1"]
[Site "Albena BUL"]
[Date "2011.06.25"]
[Round "1.34"]
[White "Georgescu, Tiberiu-Marian"]
[Black "Stavrev, Robert"]
[Result "1-0"]
[WhiteElo "2397"]
[BlackElo "1839"]
[PlyCount "59"]
[EventDate "2011.06.25"]
[EventType "swiss"]
[EventRounds "9"]
[EventCountry "BUL"]

1. d4 d5 2. c4 e6 3. Nc3 Nf6 4. cxd5 exd5 5. Bg5 Be7 6. e3 c6 7. Qc2 O-O 8. Bd3
Nbd7 9. Nge2 Re8 10. f3 Nf8 11. O-O Be6 12. Rad1 Rc8 13. Nf4 h6 14. Bh4 Kh8 15.
Kh1 Qc7 16. Nxe6 Nxe6 17. Bf5 Bd6 18. Bxf6 gxf6 19. Qf2 Bf8 20. Qh4 Rcd8 21.
Qxf6+ Bg7 22. Qh4 Qb6 23. Rd2 Ng5 24. f4 Nh7 25. Qh3 Nf6 26. g4 Ng8 27. g5 Rd6
28. Bb1 a6 29. Bd3 Qa5 30. Qf5 1-0

[Event "Albena BUL, 19th Open round_1"]
[Site "Albena BUL"]
[Date "2011.06.25"]
[Round "1.35"]
[White "Georgiev, Ivan Georgiev"]
[Black "Bogdanov, Valentin"]
[Result "0-1"]
[WhiteElo "1836"]
[BlackElo "2391"]
[PlyCount "22"]
[EventDate "2011.06.25"]
[EventType "swiss"]
[EventRounds "9"]
[EventCountry "BUL"]

1. e4 Nf6 2. Nc3 d5 3. exd5 Nxd5 4. Nxd5 Qxd5 5. d4 Nc6 6. Nf3 Bf5 7. c4 Qe4+
8. Be3 e5 9. Ng5 Bb4+ 10. Ke2 Nxd4+ 11. Qxd4 Qc2+ 0-1